|
|
|
|
| LEADER |
00000nam a22000007a 4500 |
| 005 |
20180718014920.0 |
| 007 |
cr|||| |||| |
| 008 |
180718s2018 co |||||s|||| 00||0 spa d |
| 020 |
|
|
|a 978-958-784-040-7
|
| 035 |
|
|
|a 21846
|
| 040 |
|
|
|a vLex
|
| 090 |
|
|
|c 8044
|d 8044
|
| 100 |
1 |
|
|a Castro Cuenca, Carlos
|
| 245 |
1 |
0 |
|a Derecho penal societario
|h [Recurso electrn̤ico] /
|c Carlos Castro Cuenca, Juanita Ospina Perdomo
|
| 256 |
|
|
|a Servicio en ln̕ea
|
| 260 |
|
|
|a Bogot:̀
|b Editorial Universidad de Rosario (Colombia),
|c 2018
|
| 300 |
|
|
|a 1 recurso electrn̤ico
|
| 506 |
1 |
|
|a Disponible solo en los productos indicados
|d vLex Global
|d vLex Global (Academic Edition, excluding Law Schools)
|d vLex Global (U.S. Academic Edition, Law Schools)
|d vLex Global (U.S. Academic Edition, excluding Law Schools)
|d vLex Global (Academic Edition, Law Schools)
|
| 650 |
0 |
4 |
|a Derecho Penal
|z Colombia
|
| 700 |
1 |
|
|a Ospina Perdomo, Juanita
|
| 740 |
0 |
|
|a vLex Libros (Servicio en ln̕ea)
|
| 856 |
4 |
0 |
|u http://vlex.com/source/derecho-penal-societario-21846
|z Acceso restringido
|
| 942 |
|
|
|c BOOK
|
| 999 |
0 |
|
|a Criminal law
|